| 000 | 01261nam2a22002291 4500 | ||
|---|---|---|---|
| 001 | rc\4555980 | ||
| 005 | 20250611194034.0 | ||
| 035 | _a(NLR Aleph) 008366784 | ||
| 090 |
_a9032904 _c9032904 |
||
| 100 | _a20130416d1962 |||y0rusy50 ca | ||
| 101 | 0 | _arus | |
| 102 | _aRU | ||
| 105 | _aa z ||||| | ||
| 200 | 1 | _aГеометрическое черчение | |
| 210 |
_d1962 _aБ. м. |
||
| 215 |
_a45 с., 1 л. черт. _cчерт. |
||
| 461 | 0 |
_1001rc\4555979 _12001#$aУчебно-методическое пособие по техническому черчению$eВып. 1-$fКиевское высш. артиллер. инженерное ордена Ленина краснозам. училище им. С.М. Кирова$vВып. 1 _1700#1$aЛанюк$bА.В.$gАндрей Васильевич _99032901 _aЛанюк, А.В. _cКиев _d1961 _fКиевское высш. артиллер. инженерное ордена Ленина краснозам. училище им. С.М. Кирова _nБ. и. _oВып. 1- _tУчебно-методическое пособие по техническому черчению _vВып. 1 |
|
| 801 | 0 |
_aRU _bNLR _gpsbo |
|
| 801 | 1 |
_aRU _bELAR _2rusmarc |
|
| 852 |
_aNLR _j61-6/9759 |
||
| 942 | _cBOOK | ||
| 980 | _aNB | ||